A propósito de la crisis. Parte 1 /
Uloženo v:
| Hlavní autor: | |
|---|---|
| Médium: | Text |
| Témata: | |
| Tagy: |
Přidat tag
Žádné tagy, Buďte první, kdo vytvoří štítek k tomuto záznamu!
|
MARC
| LEADER | 00000 a a2200000 04500 | ||
|---|---|---|---|
| 001 | 18679 | ||
| 003 | |||
| 040 | |||
| 100 | |a Reuben Soto, Sergio | ||
| 245 | |a A propósito de la crisis. Parte 1 / |c Sergio Reuben Soto | ||
| 650 | |a RECESION ECONOMICA | ||
| 773 | |g número 13; páginas 22-26 | ||
| 999 | |c 24570 |d 24570 | ||
